000 00362nam a2200157Ia 4500
003 LK-CoDNM
008 010623t1939 xxu||||| |||| 00| 1 eng d
040 _aLK-CoDNM
_dLK-CoDNM
_eLK-CoDNM
041 _aeng
080 _a820-1
_bNAT
100 _aNathaniel, A.M.
245 _aPoems of East and West
260 _b
_c1939
300 _b80, 18.5 cm
942 _cBK
999 _c99245
_d99245